[Event "Warsaw Maciei Memorial"]
[Site "Warsaw"]
[Date "2023.07.10"]
[Round "3"]
[White "Tsiapko, Andrii"]
[Black "Borowicz, Joachim"]
[Result "1-0"]
[WhiteElo "1996"]
[BlackElo "1480"]
[PlyCount "51"]
[EventDate "2023.07.10"]
[EventType "swiss (blitz)"]
[EventRounds "11"]
[EventCountry "POL"]
[SourceTitle "CBM 215 Extra"]
[Source "ChessBase"]
[SourceDate "2023.09.30"]
[SourceVersion "1"]
[SourceVersionDate "2023.09.30"]
[SourceQuality "1"]

1. d4 Nf6 2. Nf3 d5 3. c4 c6 4. Nbd2 Bf5 5. Nh4 Bg4 6. h3 Bh5 7. g4 Bg6 8. Nxg6 hxg6 9. Bg2 e6 10. Qb3 Qb6 11. g5 Nfd7 12. e4 Qxb3 13. axb3 dxe4 14. Nxe4 Bb4+ 15. Bd2 Bxd2+ 16. Kxd2 Ke7 17. c5 Na6 18. Nd6 Rhb8 19. Nxb7 Nb4 20. Na5 Nd5 21. Nxc6+ Kf8 22. Nxb8 Rxb8 23. Rxa7 Ke8 24. Bxd5 exd5 25. Re1+ Kd8 26. c6 1-0